000 00611nam a22001817a 4500
005 20250501115856.0
010 _aENG-144780
020 _a9788189102487
_c595.00
035 _aEN-128312
037 _bDBAD
082 _a796.069
100 _aChakraborty, Samiran
_980965
245 _aSports management/
_cSamiran Chakraborty
260 _aDelhi
_bSports Publication
_c2020
270 _a7/26, Ground floor, Ansari Road, Daryaganj
_b New Delhi
_e110002
_k9999146721, 9868028838
_minfo@sportspublication.net
300 _a232p.:
_c23cm(pbk)
_bill.
942 _adpl
_cEN
_2ddc
_h796.069
_mCHA
999 _c209185
_d209185